| 000 | 00581nam a22001817a 4500 | ||
|---|---|---|---|
| 005 | 20231124073728.0 | ||
| 008 | 231124b |||||||| |||| 00| 0 eng d | ||
| 020 | _a0862103002 | ||
| 041 | _aEnglish | ||
| 082 | _a341.48 AMN | ||
| 100 | _lEnglish | ||
| 245 |
_aUsing the international human rights system to combat racial discrimination : _bA Handbook |
||
| 250 | _aFirst Edition | ||
| 260 |
_aLondon : _bAmnesty International Publications, _c2001 |
||
| 300 |
_bxii, 103 pages ; _c24 cm. |
||
| 650 |
_aLegal practice _bLaw |
||
| 942 |
_cBK _6ALISON_BN_VRIES |
||
| 999 |
_c930 _d930 |
||